Burma-U.S. Relations.

Summarizes Burma's continuously declining human rights record and the contributing factors. Lists sanctions imposed by U.S. and other Western nations, explains why these sanctions have failed to impact Burma, and reviews U.S. policy toward Burma.

Bibliographic Details
Corporate Authors: Library of Congress. Congressional Research Service, ProQuest (Firm)
Format: eBook
Language:English
Published: [Place of publication not identified] : [publisher not identified], 2006.
Series:U.S. Congressional Research.
Subjects:
Online Access:Connect to the full text of this electronic book

MARC

Tag First Indicator Second Indicator Subfields
LEADER 00000cam a22000001a 4500
001 in00003331663
006 m d f
007 cr bn mmmapmmp
008 101207s2006 dcu o f000 0 eng d
005 20260430164742.3
035 |a cis2007854947 
040 |a ProQuest  |c ProQuest  |d UtOrBLW 
043 |a n-us--- 
099 |a CRS-2006-FDT-1050 
110 2 |a Library of Congress.  |b Congressional Research Service. 
245 1 0 |a Burma-U.S. Relations. 
264 1 |a [Place of publication not identified] :  |b [publisher not identified],  |c 2006. 
300 |a 1 online resource. 
336 |a text  |b txt  |2 rdacontent 
337 |a computer  |b c  |2 rdamedia 
338 |a online resource  |b cr  |2 rdacarrier 
500 |a Record is based on bibliographic data in ProQuest U.S. Congressional Research Digital Collection (last viewed Dec. 2010). Reuse except for individual research requires license from ProQuest, LLC. 
500 |a CRS Report. 
520 |a Summarizes Burma's continuously declining human rights record and the contributing factors. Lists sanctions imposed by U.S. and other Western nations, explains why these sanctions have failed to impact Burma, and reviews U.S. policy toward Burma. 
500 |a Electronic resource. 
650 0 |a International relations. 
650 0 |a Human rights. 
650 0 |a Sanctions (International law) 
655 7 |a Electronic books.  |2 local 
710 2 |a ProQuest (Firm) 
776 0 8 |i Microfiche version:   |a Library of Congress. Congressional Research Service.  |t Burma-U.S. Relations 
830 0 |a U.S. Congressional Research. 
856 4 0 |u http://proxy.library.tamu.edu/login?url=https://congressional.proquest.com/congcomp/getdoc?CRDC-ID=CRS-2006-FDT-1050  |z Connect to the full text of this electronic book  |t 0 
999 |a MARS 
999 f f |s 1ed034cf-d032-3411-8c89-51ce96dc2c9b  |i 5c1db229-fd03-3210-99c2-40099826f223  |t 0 
952 f f |a Texas A&M University  |b College Station  |c Electronic Resources  |s www_evans  |d Available Online  |t 0  |e CRS-2006-FDT-1050  |h Other scheme 
998 f f |a CRS-2006-FDT-1050  |t 0  |l Available Online